zpět

Detail výsledku týmu

Hasičárna Sparta, Hranice

Datum a čas kvízu

25 Celkem bodů Celkový počet nahraných bodů na tomto kvízu bez doplňovacích otázek.
5. Pořadí na kvízu Konečné umístění týmu na tomto kvízu.

Zaznamenané odpovědi

# Otázka Odpověď Body Výsledky
1. Jak se jmenuje český politik,... Jiří Pospíšil 0
2. V Dánsku se stala hitem satiri... California 1
3. Který 56letý americký rockový... Marilyn Manson 0
4. V úterý byl představen Index p... Turnov, Luhačovice 0.5
5. Ve středu byl v městečku Lenze... ve Švýcarsku 0
6. Vítězné téma facebookového hla... Augustus 1
7. Který evropský diktátor dopadl... Benito Mussolini 1
8. Od smrti severokorejského dikt... Václav Havel 1
9. Který diktátor se nechal před... Alexandr Lukašenko 1
10. Ve které jihoasijské zemi vlád... Kambodža, Rudí Khmerové 1